Voluntades anticipadas

Detalles Bibliográficos
Autor principal: Marcos del Cano, Ana Mara̕
Formato: eBook
Lenguaje:español
Publicado: Madrid: Dykinson, 2014
Materias:
Acceso en línea:Acceso restringido

MARC

LEADER 00000nam a22000007a 4500
005 20150518213124.0
007 cr|||| ||||
008 150518s2014 es |||||s|||| 00||0 spa d
020 |a 978-84-9085-188-3 
035 |a 12695 
040 |a vLex 
090 |c 5427  |d 5427 
100 1 |a Marcos del Cano, Ana Mara̕ 
245 1 0 |a Voluntades anticipadas  |h [Recurso electrn̤ico] /  |c Ana Mara̕ Marcos del Cano 
256 |a Servicio en ln̕ea 
260 |a Madrid:  |b Dykinson,  |c 2014 
300 |a 1 recurso electrn̤ico 
506 1 |a Disponible solo en los productos indicados  |d vLex Global  |d vLex Global (Academic Edition, excluding Law Schools)  |d vLex Global (U.S. Academic Edition, Law Schools)  |d vLex Global (U.S. Academic Edition, excluding Law Schools)  |d vLex Global (Academic Edition, Law Schools) 
650 0 4 |a Derecho Civil  |z Espaą 
740 0 |a vLex Libros (Servicio en ln̕ea) 
856 4 0 |u http://vlex.com/source/voluntades-anticipadas-12695  |z Acceso restringido 
942 |c BOOK 
999 0 |a Civil Law